Network Programmability and Automation: Skills for the Next-Generation Network Engineer /

Saved in:
Bibliographic Details
Main Authors: Edelman, Jason (Author), Lowe, Scott (Author), Oswalt, Matt (Author)
Format: Book
Language:English
Published: Sebastopol: O´Reilly Media, 2018
Edition:1. vyd.
Subjects:
Tags: Add Tag
No Tags, Be the first to tag this record!

MARC

LEADER 00000nam a22000003a 4500
001 0068404
003 SK-STU
005 20181108104238.3
007 ta
008 181108s ----xo-----e------000-0-----d
020 |a 978-1-491-93125-7 
040 |a STU  |b slo 
041 0 |a eng  |h eng 
044 |a xxu 
100 1 |a Edelman, Jason  |4 aut  |r Z6 
245 1 0 |a Network Programmability and Automation:  |b Skills for the Next-Generation Network Engineer /  |c aut. Jason Edelman, Scott Lowe, Matt Oswalt 
250 |a 1. vyd. 
260 |a Sebastopol:  |b O´Reilly Media,  |c 2018 
300 |a 559 s. 
650 0 7 |a automation 
650 0 7 |a network 
650 0 7 |a data formats 
650 0 7 |a Linux 
700 1 |a Lowe, Scott  |4 aut 
700 1 |a Oswalt, Matt  |r Z6  |4 aut 
996 |c V* 52819/O-23976  |l VV23  |s P  |a 0  |w 0068404_0001